Top NFL Wide Receivers of 2020 - Extreme - Statistics

General Stats
  • This quiz has been taken 423 times
  • The average score is 47 of 76
Answer Stats
Team Yards Player % Correct
AZ 912 DeAndre Hopkins
98%
BUF 906 Stefon Diggs
98%
GB 847 Davante Adams
96%
SEA 862 D.K. Metcalf
95%
ATL 677 Julio Jones
93%
KC 752 Tyreek Hill
93%
MIN 848 Justin Jefferson
92%
SEA 748 Tyler Lockett
91%
LAC 835 Keenan Allen
90%
DET 455 Marvin Jones
90%
WAS 871 Terry McLaurin
89%
TEN 540 A.J. Brown
88%
LAR 722 Cooper Kupp
88%
CAR 863 D.J. Moore
87%
BUF 386 John Brown
87%
BAL 431 Marquise Brown
87%
TB 563 Mike Evans
87%
MIN 646 Adam Thielen
85%
DAL 629 CeeDee Lamb
85%
SEA 337 David Moore
85%
PIT 535 JuJu Smith-Schuster
85%
DAL 736 Amari Cooper
84%
CHI 755 Allen Robinson
78%
ATL 747 Calvin Ridley
78%
TB 465 Chris Godwin
77%
NO 305 Tre'Quan Smith
77%
PIT 537 Diontae Johnson
76%
CIN 629 Tee Higgins
73%
CIN 710 Tyler Boyd
73%
LAC 503 Mike Williams
71%
HOU 634 Brandin Cooks
70%
TEN 549 Corey Davis
70%
CLE 319 Odell Beckham Jr.
69%
DEN 589 Jerry Jeudy
68%
LAR 599 Robert Woods
66%
CIN 357 A.J. Green
64%
CAR 445 Curtis Samuel
64%
CAR 818 Robby Anderson
64%
BUF 642 Cole Beasley
63%
CLE 471 Jarvis Landry
62%
PIT 559 Chase Claypool
61%
DAL 497 Michael Gallup
58%
AZ 477 Christian Kirk
56%
IND 327 T.Y. Hilton
56%
IND 302 Michael Pittman Jr.
55%
MIA 523 DeVante Parker
54%
HOU 708 Will Fuller
53%
SF 446 Brandon Aiyuk
51%
NE 315 Julian Edelman
51%
NYG 584 Darius Slayton
49%
DET 338 Kenny Golladay
49%
JAX 534 DJ Chark
48%
CHI 351 Darnell Mooney
45%
LV 436 Hunter Renfrow
44%
AZ 336 Larry Fitzgerald
44%
NE 391 Jakobi Meyers
43%
NO 413 Emmanuel Sanders
42%
HOU 441 Randall Cobb
42%
CHI 349 Anthony Miller
41%
KC 411 Mecole Hardman
41%
TB 414 Scott Miller
41%
GB 518 Marquez Valdes-Scantling
40%
LV 443 Nelson Agholor
39%
DEN 563 Tim Patrick
37%
NYJ 425 Jamison Crowder
32%
SF 378 Kendrick Bourne
32%
ATL 437 Russell Gage
31%
JAX 323 Laviska Shenault Jr.
28%
LAR 448 Josh Reynolds
25%
PHI 451 Travis Fulgham
22%
BAL 379 Willie Snead
22%
DET 411 Danny Amendola
20%
JAX 453 Keelan Cole
20%
NE 469 Damiere Byrd
17%
IND 384 Zach Pascal
16%
JAX 332 Chris Conley
8%
No matching quizzes found
Score Distribution
Percent of People with Each Score
Percentile by Number Answered
Your Score History
You have not taken this quiz